23a settimana internazionale della critica - 65a mostra cinematografica Venezia (Record n. 93675)
[ formato base ]
| 000 -LEADER | |
|---|---|
| fixed length control field | 01863nam a2200289Ia 4500 |
| 001 - CONTROL NUMBER | |
| control field | H8522 |
| 003 - CONTROL NUMBER IDENTIFIER | |
| control field | IT-RoPAU |
| 008 - FIXED-LENGTH DATA ELEMENTS--GENERAL INFORMATION | |
| fixed length control field | 130308s9999 xx 000 0 und d |
| 040 ## - CATALOGING SOURCE | |
| Original cataloging agency | IT-RoPAU |
| 040 ## - CATALOGING SOURCE | |
| Transcribing agency | IT-RoPAU |
| 041 ## - LANGUAGE CODE | |
| Language code of text/sound track or separate title | ITALIANO |
| 100 ## - MAIN ENTRY--PERSONAL NAME | |
| Personal name | AA.VV. |
| 100 ## - MAIN ENTRY--PERSONAL NAME | |
| Miscellaneous information | Codice Aut. SPICS: 12000 |
| 245 ## - TITLE STATEMENT | |
| Title | 23a settimana internazionale della critica - 65a mostra cinematografica Venezia |
| 245 ## - TITLE STATEMENT | |
| Remainder of title | 23Ø settimana internazionale della Critica - 65Ø mostra Cinematografica Venezia |
| 250 ## - EDITION STATEMENT | |
| Edition statement | 1a ed. |
| 260 ## - PUBLICATION, DISTRIBUTION, ETC. (IMPRINT) | |
| Place of publication, distribution, etc. | MILANO |
| 260 ## - PUBLICATION, DISTRIBUTION, ETC. (IMPRINT) | |
| Name of publisher, distributor, etc. | Electa |
| 260 ## - PUBLICATION, DISTRIBUTION, ETC. (IMPRINT) | |
| Date of publication, distribution, etc. | 2008 [1° Ed.:2008 - Ed.Ling.Originale:2008] |
| 300 ## - PHYSICAL DESCRIPTION | |
| Extent | "110 p. (prefazione: no ; testo: 110 [pagine: 0-0])" |
| 500 ## - GENERAL NOTE | |
| General note | "Due Funzioni della Sic di B. torri. Tempo di bilanci di F. Di Pace. 7 Film: L'Apprendi L'Apprendista di S. Collardey, a Piccoli passi Verso Vita di M. Causo; Cuvari Noci Guardiani di Notte di N. Kabil, Piccoli rituali nel Silenzio di una Notte di S. Silvestri; Huanggua Cetriolo di Z. Yaowu, Pechinooggi Ecco Cina senza Medaglie di A. De Grandis; Iki Cizgi Due linee di S. Evci, Binari Paralleli di M. Lombardi; Kabuli Kid Il bambino di Kabul di B.Akram, Vita Innanzitutto Anche a Kabul di S. Silvestri; Pranzo di Ferragosto di G. Di Gregorio, Vecchiette senza Arsenico Ne' Merletti di M. Lombardi; |
| -- | 11.Ou7! Sell Out! Vendi di Y. Joon Han, Amori senza Certificato di garanzia di M. Causo; Eventi Speciali: Lonsj di E. Sorhaug, Altra faccia del candore Umanità e gli Uccelli nell'Apparente Serenità Norvegese; Pinuccio Lovero sogno di una Morte di mezza Estate di P. Mezzapesa, Provincia dei paesaggi con figure di G. De Pascale. settimana internazionale della Critica di Venezia: programmi delle precedenti Edizioni." |
| 650 ## - SUBJECT ADDED ENTRY--TOPICAL TERM | |
| Topical term or geographic name as entry element | MANIFESTAZIONI CINEMATOGRAFICHE |
| 650 ## - SUBJECT ADDED ENTRY--TOPICAL TERM | |
| Relator term | Codice materia Spics: 6815 |
| 942 ## - ADDED ENTRY ELEMENTS (KOHA) | |
| Koha item type | LIBRO |
| 957 ## - | |
| -- | 1 |
| 999 ## - SYSTEM CONTROL NUMBERS (KOHA) | |
| -- | 1 |
| Withdrawn status | Lost status | Damaged status | Not for loan | Home library | Current library | Date acquired | Total Checkouts | Full call number | Date last seen | Price effective from | Koha item type | Public note |
|---|---|---|---|---|---|---|---|---|---|---|---|---|
| Buone Condizioni | Not For Loan | SPICS-MEDIATECA | SPICS-MEDIATECA | 08/03/2013 | H8522 | 08/03/2013 | 08/03/2013 | LIBRO | Progressivo inserimento: 42517 / N. Volumi: 1 Copie: 1 / data import: 1 marzo 2013 - By Epidotti, Trombetti, Vaglietti. |